000 00479nam a22001817a 4500
003 MPLRDC
005 20220104144312.0
008 210129b ||||| |||| 00| 0 eng d
082 _a857.621 ZC v.8
100 _a张草
245 _a云空行, 第八册, 恨情书
_c
250 _a初版
260 _a
_b平装本出版有限公司
_c1999
300 _b
490 _a平装本丛书; 第33种, 长草X物语. 4
650 _a玄幻小说
942 _cBK
_o857.621 ZC v.8
999 _c48300
_d48290